000 00485nam a2200169 a 4500
005 20140412111227.0
008 010522s19uu xx 00 eng d
020 _a1-86311-506-4
050 _aTR(GS 372.632
_bSp2 1998
245 _aSpelling, level 2.
260 _aGreenwood, WA :
_bR. I. C. Publications,
_c1998.
300 _a42p. ; ill.
520 _aA comprehensive program teaching children how to spell.
650 _aTitle.
650 _aEnglish language
999 _c102081
_d102081